Codificación en salud ocupacional / (Registro nro. 6594)

Detalles MARC
000 -LEADER
fixed length control field 01393cam a2200313 a 4500
003 - CONTROL NUMBER IDENTIFIER
control field OSt
005 - DATE AND TIME OF LATEST TRANSACTION
control field 20200225105954.0
008 - FIXED-LENGTH DATA ELEMENTS--GENERAL INFORMATION
fixed length control field 081029s2007 ck fr 000 0dspa d
015 ## - NATIONAL BIBLIOGRAPHY NUMBER
National bibliography number SSN
020 ## - INTERNATIONAL STANDARD BOOK NUMBER
International Standard Book Number 9789586484848
040 ## - CATALOGING SOURCE
Original cataloging agency CO-BoPUJ
Transcribing agency CO-JMCR
041 0# - LANGUAGE CODE
Language code of text/sound track or separate title spa
082 04 - DEWEY DECIMAL CLASSIFICATION NUMBER
Classification number 614.85 /
Item number H493c
100 1# - MAIN ENTRY--PERSONAL NAME
Personal name Henao Robledo, Fernando,
Relator term autor
9 (RLIN) 908
245 10 - TITLE STATEMENT
Title Codificación en salud ocupacional /
Statement of responsibility, etc. Fernando Henao Robledo
250 ## - EDITION STATEMENT
Edition statement Primera edición
260 ## - PUBLICATION, DISTRIBUTION, ETC.
Place of publication, distribution, etc. Bogotá :
Name of publisher, distributor, etc. Ecoe Ediciones,
Date of publication, distribution, etc. 2007.
300 ## - PHYSICAL DESCRIPTION
Extent viii, 305 páginas :
Other physical details ilustraciones, diagramas y tablas a blanco y negro ;
Dimensions 24 cm.
490 ## - SERIES STATEMENT
Series statement Colección textos universitarios ;
Volume/sequential designation Área ingeniería, arquitectura e informática
500 ## - GENERAL NOTE
General note Incluye datos biográficos del autor en solapa frontal.
504 ## - BIBLIOGRAPHY, ETC. NOTE
Bibliography, etc. note Incluye referencias bibliográficas.
520 ## - SUMMARY, ETC.
Summary, etc. El procedimiento para conocer y aislar fuentes de lesiones puede ser tan sencillo como observar el deterioro del piso de un área de trabajo, o tan complejo como la determinación de la causa o causas de una secuencia en cadena de lesiones, cada una de ellas relacionada con la anterior.
650 14 - SUBJECT ADDED ENTRY--TOPICAL TERM
Topical term or geographic name entry element Salud ocupacional
9 (RLIN) 891
650 24 - SUBJECT ADDED ENTRY--TOPICAL TERM
Topical term or geographic name entry element Accidentes de trabajo
9 (RLIN) 901
650 24 - SUBJECT ADDED ENTRY--TOPICAL TERM
Topical term or geographic name entry element Riesgos laborales
9 (RLIN) 902
650 24 - SUBJECT ADDED ENTRY--TOPICAL TERM
Topical term or geographic name entry element Seguridad industrial
9 (RLIN) 903
942 ## - ADDED ENTRY ELEMENTS (KOHA)
Source of classification or shelving scheme Dewey Decimal Classification
Koha item type Books
Existencias
Withdrawn status Lost status Source of classification or shelving scheme Damaged status Not for loan Home library Current library Shelving location Date acquired Source of acquisition Cost, normal purchase price Total Checkouts Full call number Barcode Date last seen Date last checked out Copy number Price effective from Koha item type
    Dewey Decimal Classification     Biblioteca Pública José María del Castillo y Rada Biblioteca Pública José María del Castillo y Rada Processing Center 02/24/2020 Donación 0.00 1 614.85 / H493c 201809897 11/22/2024 11/19/2024 Ej.1 02/25/2020 Books